[Event "Politiken"]
[Site "?"]
[Date "1996.??.??"]
[Round "6"]
[White "Hansen Curt"]
[Black "Emms John M"]
[Result "1/2-1/2"]
[WhiteElo "2615"]
[BlackElo "2500"]
[PlyCount "52"]
[EventDate "1996.??.??"]
[Source "www.chesslib.no"]
[SourceDate "2004.05.04"]

1. d4 Nf6 2. c4 e6 3. Nf3 c5 4. d5 d6 5. Nc3 exd5 6. cxd5 g6 7. h3 a6 8. a4 Qe7 9. Bg5 Bg7 10. e3 h6 11. Bh4 Nbd7 12. Be2 Ne5 13. Nd2 g5 14. Bg3 Bf5 15. O-O O-O 16. a5 Rae8 17. Ra3 Nfd7 18. Kh1 Bh7 19. Rb3 Rb8 20. f4 Nd3 21. Nc4 Nb4 22. e4 b5 23. f5 Nb6 24. Rg1 Nxc4 25. Bg4 Rfe8 26. h4 Ne5 1/2-1/2

[Event "Dos Hermanas ESP"]
[Site "?"]
[Date "2006.03.24"]
[Round "1.3"]
[White "Herraiz Hidalgo Herminio"]
[Black "Jobava Baadur"]
[Result "0-1"]
[WhiteElo "2492"]
[BlackElo "2614"]
[PlyCount "68"]
[EventDate "2006.??.??"]
[Source "www.chesslib.no"]
[SourceDate "2004.05.04"]

1. d4 Nf6 2. c4 e6 3. Nc3 c5 4. d5 exd5 5. cxd5 g6 6. Nf3 d6 7. Bg5 Bg7 8. e3 h6 9. Bh4 O-O 10. Nd2 a6 11. a4 Nbd7 12. Be2 Qe7 13. O-O Re8 14. h3 Rb8 15. Re1 Ne5 16. Bg3 g5 17. e4 Nfd7 18. Nf1 Ng6 19. Bd3 Nde5 20. Ne3 Nf4 21. Bf1 Qf6 22. Qc2 Bd7 23. a5 b5 24. axb6 Rxb6 25. Rxa6 Rxa6 26. Bxa6 Nxh3+ 27. gxh3 Nf3+ 28. Kf1 Bxh3+ 29. Ke2 Nd4+ 30. Kd1 Nxc2 31. Kxc2 Rb8 32. Rc1 h5 33. Nf5 Bxf5 34. exf5 h4 0-1

[Event "Dos Hermanas ESP"]
[Site "?"]
[Date "2006.03.24"]
[Round "1.1"]
[White "Herraiz Hidalgo Herminio"]
[Black "Jobava Baadur"]
[Result "0-1"]
[WhiteElo "2492"]
[BlackElo "2614"]
[PlyCount "72"]
[EventDate "2006.??.??"]
[Source "www.chesslib.no"]
[SourceDate "2004.05.04"]

1. d4 Nf6 2. c4 e6 3. Nc3 c5 4. d5 exd5 5. cxd5 g6 6. Nf3 d6 7. Bg5 Bg7 8. e3 O-O 9. Be2 h6 10. Bh4 g5 11. Bg3 Nh5 12. Nd2 Nxg3 13. hxg3 Nd7 14. g4 a6 15. a4 Rb8 16. Nf1 b5 17. axb5 axb5 18. Nxb5 Bxb2 19. Rxh6 Nf6 20. Ng3 Kg7 21. Rh3 Be5 22. Nh5+ Nxh5 23. Rxh5 Bd7 24. f4 gxf4 25. exf4 Bxf4 26. Nc3 Bg3+ 27. Kd2 Qf6 28. Qc2 Qd4+ 29. Qd3 Rb2+ 30. Kc1 Qxd3 31. Bxd3 Rxg2 32. Rh7+ Kg8 33. Ra7 Bf4+ 34. Kb1 Rb8+ 35. Ka1 Be5 36. Ra3 Rg3 0-1

[Event "32nd olm Yerevan ARM"]
[Site "?"]
[Date "1996.??.??"]
[Round "?"]
[White "Timoshchenko, G."]
[Black "De Firmian, N."]
[Result "0-1"]
[WhiteElo "2530"]
[BlackElo "2575"]
[PlyCount "96"]
[EventDate "1996.??.??"]
[Source "www.chesslib.no"]
[SourceDate "2004.05.04"]

1. d4 Nf6 2. Nf3 e6 3. c4 c5 4. d5 exd5 5. cxd5 d6 6. Nc3 g6 7. h3 a6 8. a4 Qe7 9. Bf4 Nbd7 10. Nd2 Ne5 11. e4 Bg7 12. Be2 O-O 13. O-O Nfd7 14. Bh2 g5 15. f4 gxf4 16. Bxf4 Ng6 17. Bh2 Nde5 18. Qc2 Kh8 19. Kh1 Rg8 20. Nd1 Bh6 21. Ra3 Nh4 22. Bg3 Bd7 23. Nc4 Nxc4 24. Bxc4 b5 25. axb5 axb5 26. Rxa8 Rxa8 27. Qf2 Ng6 28. Bd3 c4 29. Bc2 Bg7 30. Ne3 Be5 31. Nf5 Qf6 32. b3 Bxf5 33. exf5 Bxg3 34. Qxg3 Ne5 35. bxc4 bxc4 36. Rb1 Rg8 37. Qf2 h6 38. Rb6 Ra8 39. Qf4 Kh7 40. Kh2 Ra2 41. Bb1 Ra3 42. Be4 h5 43. Bb1 h4 44. Bc2 Ra2 45. Qe4 Nd7 46. Rb7 Qe5+ 47. Qxe5 Nxe5 48. Bb1 Rd2 0-1

[Event "Olimpiadi 2008 - open"]
[Site "Dresda GER"]
[Date "2008.11.13"]
[Round "1"]
[White "Blagojevic, Dr"]
[Black "Maze, S."]
[Result "1-0"]
[WhiteElo "2522"]
[BlackElo "2577"]
[PlyCount "113"]
[EventDate "2008.11.13"]
[Source "www.chesslib.no"]
[SourceDate "2004.05.04"]

1. d4 Nf6 2. c4 e6 3. Nf3 c5 4. d5 exd5 5. cxd5 d6 6. Nc3 g6 7. h3 a6 8. a4 Bg7 9. e4 Nbd7 10. Bd3 Nh5 11. Bg5 Bf6 12. Be3 Ne5 13. Be2 Nxf3+ 14. Bxf3 Ng7 15. Qd2 Be5 16. Bg5 f6 17. Bf4 O-O 18. O-O Bd7 19. Be2 Qe7 20. Bxe5 fxe5 21. Rab1 Qh4 22. b4 c4 23. a5 Nh5 24. Bxh5 gxh5 25. Rbe1 Kh8 26. Re3 Qg5 27. Rd3 Qe7 28. Rg3 Rf4 29. Qe3 Raf8 30. Ne2 Qf6 31. Qb6 Rxe4 32. Rf3 Qe7 33. Rxf8+ Qxf8 34. Ng3 Rf4 35. Qxb7 Bb5 36. Ne2 Rf7 37. Qb6 Rg7 38. Nc3 Bd7 39. Qe3 Qf5 40. Kh2 Qg6 41. Rg1 h6 42. Qe4 Qf6 43. Rf1 Qg5 44. Qf3 Bf5 45. b5 axb5 46. Nxb5 Bd3 47. Rg1 e4 48. Qf8+ Kh7 49. Nxd6 e3 50. fxe3 Rg8 51. Qf7+ Rg7 52. Qe6 c3 53. Ne4 Qe7 54. Qxe7 Rxe7 55. d6 Ra7 56. d7 Ra8 57. Nxc3 1-0

[Event "Ch"]
[Site "Yugoslavia"]
[Date "1987.??.??"]
[Round "?"]
[White "Barlov, Dragan"]
[Black "Hulak, Krunoslav"]
[Result "1-0"]
[WhiteElo "2555"]
[BlackElo "2540"]
[PlyCount "91"]
[EventDate "1987.??.??"]
[Source "www.chesslib.no"]
[SourceDate "2004.05.04"]

1. d4 Nf6 2. c4 c5 3. d5 e6 4. Nc3 exd5 5. cxd5 d6 6. Nf3 g6 7. Bf4 Bg7 8. h3 a6 9. a4 O-O 10. e3 Ne8 11. Be2 Nd7 12. O-O Rb8 13. Re1 Qe7 14. e4 Ne5 15. Nxe5 Bxe5 16. Bxe5 Qxe5 17. Qd2 Nf6 18. Bf1 g5 19. Ra3 Kh8 20. Rb3 b6 21. f3 Rg8 22. Nd1 Bd7 23. Ra3 b5 24. axb5 axb5 25. Nf2 c4 26. Ra6 Rgc8 27. Qb4 Rc5 28. Rea1 Kg7 29. Qc3 Qf4 30. Qc1 Qg3 31. Ng4 h6 32. Nxf6 Kxf6 33. b4 Rcc8 34. Qc3+ Ke7 35. e5 dxe5 36. Rxh6 Qf4 37. Re1 f6 38. Re4 Qg3 39. Rh7+ Kd6 40. Rxd7+ Kxd7 41. Rg4 Qxg4 42. hxg4 Kd6 43. Be2 Ra8 44. Qe3 Kxd5 45. Qe4+ Ke6 46. Bd1 1-0

[Event "TCh-FRA Nat1 GpB"]
[Site "Cannes"]
[Date "2004.01.30"]
[Round "1"]
[White "Kazhgaleyev, Murtas"]
[Black "Rotstein, Arkadij"]
[Result "1/2-1/2"]
[WhiteElo "2568"]
[BlackElo "2519"]
[PlyCount "93"]
[EventDate "2004.01.30"]
[Source "Roberto Alvarez"]
[SourceDate "2004.02.09"]

1. d4 Nf6 2. c4 e6 3. Nf3 c5 4. d5 d6 5. Nc3 exd5 6. cxd5 g6 7. h3 a6 8. a4 Qe7 9. Bf4 Bg7 10. Nd2 Nbd7 11. Nc4 Ne5 12. Bxe5 dxe5 13. e4 O-O 14. Be2 Rb8 15. a5 Bd7 16. O-O Bb5 17. Nb6 Bxe2 18. Qxe2 Bh6 19. Rfd1 Rfd8 20. Nc4 Ne8 21. Ra3 Nd6 22. Nxd6 Qxd6 23. Rb3 Qc7 24. Rb6 Rd6 25. Na4 Rxb6 26. axb6 Qd6 27. Qc4 Bg5 28. Qxc5 Qd7 29. Qa5 Qd6 30. Qc3 Re8 31. b3 Bd8 32. Qc8 Qb4 33. Nc5 Qc3 34. b4 Qxb4 35. d6 Qxb6 36. d7 Rf8 37. Nxb7 Kg7 38. Rd6 Qb1+ 39. Kh2 Qxe4 40. Rxa6 Bh4 41. Ra8 Be7 42. Ra1 Qd4 43. Qe8 Bf6 44. Ra2 Qc4 45. Ra1 Qd4 46. Rf1 Qc4 47. Ra1 1/2-1/2

[Event "Olot op  M1"]
[Site "?"]
[Date "1993.??.??"]
[Round "6"]
[White "Lalic"]
[Black "Sraguett"]
[Result "1/2-1/2"]
[WhiteElo "2520"]
[BlackElo "2555"]
[PlyCount "37"]
[EventDate "1993.??.??"]
[Source "www.chesslib.no"]
[SourceDate "2004.05.04"]

1. d4 Nf6 2. c4 e6 3. Nf3 c5 4. d5 d6 5. Nc3 exd5 6. cxd5 g6 7. h3 a6 8. a4 Qe7 9. Bg5 Bg7 10. e3 h6 11. Bh4 O-O 12. Be2 Nbd7 13. O-O Ne5 14. Nd2 g5 15. Bg3 Bf5 16. e4 Bh7 17. Re1 Nfd7 18. a5 Ng6 19. Ra3 1/2-1/2

[Event "ROM-chT"]
[Site "?"]
[Date "1998.??.??"]
[Round "2"]
[White "Horvath Csaba"]
[Black "Suba Mihail"]
[Result "1-0"]
[WhiteElo "2535"]
[BlackElo "2535"]
[PlyCount "68"]
[EventDate "1998.??.??"]
[Source "www.chesslib.no"]
[SourceDate "2004.05.04"]

1. d4 Nf6 2. c4 e6 3. Nf3 c5 4. d5 d6 5. Nc3 exd5 6. cxd5 g6 7. h3 a6 8. e4 b5 9. Bd3 Bg7 10. O-O O-O 11. Re1 Bb7 12. Bf4 Qb6 13. Qd2 Nbd7 14. Bh6 Bxh6 15. Qxh6 c4 16. Bc2 Rfe8 17. Re3 Nf8 18. Rd1 Qd8 19. Nd4 Kh8 20. Qf4 Rc8 21. Nc6 Bxc6 22. dxc6 Rxc6 23. e5 N6d7 24. exd6 Rxe3 25. Qxe3 Qf6 26. Qe7 Kg7 27. Be4 Rc5 28. Bb7 Qf5 29. g4 Qc2 30. Bd5 Rxd5 31. Rxd5 Qxb2 32. Qe3 b4 33. Qd4+ Kg8 34. Ne4 c3 1-0

[Event "EUCup Gr"]
[Site "Pula"]
[Date "1994.??.??"]
[Round "1"]
[White "Savchenko, Stanislav"]
[Black "Marin, Mihail"]
[Result "1-0"]
[WhiteElo "2540"]
[BlackElo "2530"]
[PlyCount "69"]
[EventDate "1994.??.??"]
[Source "www.chesslib.no"]
[SourceDate "2004.05.04"]

1. d4 Nf6 2. c4 e6 3. Nf3 c5 4. d5 d6 5. Nc3 exd5 6. cxd5 g6 7. h3 a6 8. a4 Qe7 9. Bg5 h6 10. Bh4 Nbd7 11. e3 Bg7 12. Be2 O-O 13. O-O Ne5 14. Nd2 g5 15. Bg3 Bf5 16. a5 Nfd7 17. Kh1 Rab8 18. f4 gxf4 19. exf4 Nd3 20. Bxd3 Bxd3 21. Re1 Qf6 22. Nde4 Bxe4 23. Nxe4 Qxb2 24. Rb1 Qd4 25. Qf3 b5 26. Rbd1 Qb2 27. Nxd6 c4 28. Nf5 Nf6 29. Bf2 Qb3 30. Qxb3 cxb3 31. Nxg7 Kxg7 32. Bd4 Rbe8 33. Rxe8 Rxe8 34. f5 h5 35. d6 1-0

[Event "New York op"]
[Site "?"]
[Date "1988.??.??"]
[Round "?"]
[White "Tukmakov, Vladimir"]
[Black "Foisor, Ovidiu"]
[Result "1/2-1/2"]
[WhiteElo "2570"]
[BlackElo "2495"]
[PlyCount "59"]
[EventDate "1988.??.??"]
[Source "www.chesslib.no"]
[SourceDate "2004.05.04"]

1. d4 Nf6 2. c4 e6 3. Nf3 c5 4. d5 exd5 5. cxd5 d6 6. Nc3 g6 7. Nd2 Bg7 8. e4 O-O 9. e5 Na6 10. Ndb1 Nc7 11. a3 b6 12. Qe2 Bb7 13. Ra2 Ncxd5 14. b3 a6 15. Qf3 Ra7 16. Rd2 c4 17. Rb2 Nb4 18. e6 Nc6 19. Be3 b5 20. a4 Nd4 21. a5 Qe7 22. Nd5 b4 23. Be2 Nf5 24. Bxa7 Qd8 25. Bb8 cxb3 26. Na3 Qe7 27. Qe4 Nxe4 28. O-O Nh6 29. Bd3 g5 30. Nxe7+ 1/2-1/2

[Event "Tashkent (Uzbekistan)"]
[Site "Tashkent (Uzbekistan)"]
[Date "1983.??.??"]
[Round "?"]
[White "Lerner, Konstantin Z"]
[Black "Agzamov, Georgy T"]
[Result "1/2-1/2"]
[WhiteElo "2525"]
[BlackElo "2535"]
[PlyCount "105"]
[EventDate "1983.??.??"]
[Source "www.chesslib.no"]
[SourceDate "2004.05.04"]

1. d4 Nf6 2. c4 c5 3. d5 e6 4. Nc3 exd5 5. cxd5 d6 6. Nf3 g6 7. Bf4 Bg7 8. e3 O-O 9. h3 Na6 10. Bc4 Nc7 11. a4 b6 12. O-O Re8 13. Re1 Bf5 14. g4 Bc8 15. e4 Ba6 16. Nd2 Bb7 17. Qf3 h6 18. Bf1 Nh7 19. Nc4 Ng5 20. Qg3 Be5 21. Bxe5 dxe5 22. h4 Nh7 23. Nxe5 Qd6 24. Nc4 Qxg3+ 25. fxg3 Rad8 26. Nb5 Nxb5 27. axb5 Nf6 28. e5 Nxg4 29. Nd6 Bxd5 30. Nxe8 Rxe8 31. Rxa7 Nxe5 32. Re3 Kf8 33. Bg2 Bxg2 34. Kxg2 h5 35. Rb7 Re6 36. b3 Kg7 37. Re2 Kf6 38. Rf2+ Kg7 39. Ra2 Rd6 40. Rf2 Re6 41. Rd2 Kf6 42. Rb8 c4 43. bxc4 Nxc4 44. Rd4 Ne5 45. Rf8 Kg7 46. Rfd8 Ng4 47. R8d6 Re2+ 48. Kg1 Re1+ 49. Kg2 Re2+ 50. Kg1 Re1+ 51. Kg2 Re2+ 52. Kg1 Re1+ 53. Kg2 1/2-1/2

[Event "Golden Cleopatra op 3rd"]
[Site "Cairo"]
[Date "1999.04.18"]
[Round "8"]
[White "Yakovich, Yuri"]
[Black "Berelovich, Aleksandar"]
[Result "1/2-1/2"]
[WhiteElo "2565"]
[BlackElo "2484"]
[PlyCount "44"]
[EventDate "1999.04.11"]
[Source "ChessBase"]
[SourceDate "1999.05.10"]

1. d4 Nf6 2. c4 e6 3. Nf3 c5 4. d5 exd5 5. cxd5 d6 6. Nc3 g6 7. Bf4 Bg7 8. Qa4+ Bd7 9. Qb3 b5 10. Bxd6 Qb6 11. Be5 O-O 12. e3 c4 13. Qd1 Na6 14. Qd4 Rfd8 15. Be2 Qxd4 16. Nxd4 Nxd5 17. Bxg7 Nxc3 18. Bf3 Kxg7 19. Bxa8 Na4 20. Bc6 Nxb2 21. Bxb5 Bxb5 22. Nxb5 Rb8 1/2-1/2

[Event "Olimpiadi 2008 - open"]
[Site "Dresda GER"]
[Date "2008.11.22"]
[Round "9"]
[White "Iotov, V."]
[Black "Carlsson, P."]
[Result "1-0"]
[WhiteElo "2532"]
[BlackElo "2515"]
[PlyCount "77"]
[EventDate "2008.11.13"]
[Source "www.chesslib.no"]
[SourceDate "2004.05.04"]

1. d4 e6 2. c4 Nf6 3. Nf3 c5 4. d5 exd5 5. cxd5 d6 6. Nc3 g6 7. h3 Bg7 8. e4 a6 9. a4 Nbd7 10. Bd3 Nh5 11. Bg5 Bf6 12. Bd2 Ne5 13. Be2 Nxf3+ 14. Bxf3 Ng7 15. O-O O-O 16. Rb1 Be5 17. b4 b6 18. Ne2 f5 19. Bc3 Re8 20. Re1 Qh4 21. Bxe5 Rxe5 22. Nc3 f4 23. bxc5 bxc5 24. Bg4 h5 25. Bxc8 Rxc8 26. Rb6 Rf8 27. Rxd6 Kh7 28. f3 Rg5 29. Kh1 Rb8 30. Re2 Re5 31. Rxa6 Rb4 32. Qe1 Qe7 33. Nb5 Kh6 34. Ra7 Qf6 35. Qc1 Nf5 36. Qxf4+ g5 37. Ra6 Rb1+ 38. Kh2 Qxa6 39. Qxe5 1-0

[Event "It (Open) Moscow RUS"]
[Site "?"]
[Date "2006.02.14"]
[Round "8"]
[White "Arutinian David"]
[Black "Neelotpal Das"]
[Result "1-0"]
[WhiteElo "2532"]
[BlackElo "2514"]
[PlyCount "87"]
[EventDate "2006.??.??"]
[Source "www.chesslib.no"]
[SourceDate "2004.05.04"]

1. d4 Nf6 2. c4 e6 3. Nf3 c5 4. d5 exd5 5. cxd5 d6 6. Nc3 g6 7. Qa4+ Nbd7 8. e4 Bg7 9. Bd3 O-O 10. O-O Ng4 11. Be2 Nde5 12. Ne1 f5 13. f4 Bd7 14. Qd1 Nf7 15. Bxg4 fxg4 16. a4 Qa5 17. Bd2 Qa6 18. Nc2 Rac8 19. Re1 h5 20. Na3 b6 21. Qc2 Qb7 22. Rab1 Qc7 23. Ncb5 Qb8 24. b4 a6 25. bxc5 bxc5 26. Nc3 Qc7 27. Nc4 Rb8 28. Ne2 Rxb1 29. Rxb1 Rb8 30. Ba5 Rxb1+ 31. Qxb1 Qc8 32. Bc3 Bf8 33. e5 Bf5 34. Qd1 dxe5 35. fxe5 Qd8 36. Ng3 Be6 37. Ne4 Bg7 38. Ncd6 Bf5 39. Nxf7 Kxf7 40. Nd6+ Kg8 41. Nxf5 gxf5 42. d6 c4 43. d7 Bf8 44. Ba5 1-0

[Event "ESP Team Ch"]
[Site "ESP"]
[Date "1993.??.??"]
[Round "?"]
[White "Cramling, Pia"]
[Black "Suba, Mihai"]
[Result "1-0"]
[WhiteElo "2525"]
[BlackElo "2520"]
[PlyCount "129"]
[EventDate "1993.??.??"]
[Source "www.chesslib.no"]
[SourceDate "2004.05.04"]

1. d4 Nf6 2. Nf3 e6 3. c4 c5 4. d5 d6 5. Nc3 exd5 6. cxd5 g6 7. h3 a6 8. a4 Qe7 9. Bg5 h6 10. Bh4 Nbd7 11. e3 Bg7 12. Nd2 O-O 13. Bd3 Rb8 14. O-O Ne5 15. Bc2 g5 16. Bg3 b5 17. axb5 axb5 18. f4 Nc4 19. Nxc4 bxc4 20. fxg5 Qxe3+ 21. Kh1 Ng4 22. Rf3 Rxb2 23. hxg4 Qxg5 24. Ne4 Qxg4 25. Bxd6 Qh4+ 26. Kg1 Bd4+ 27. Qxd4 cxd4 28. Rg3+ Qxg3 29. Nxg3 d3 30. Ba4 Bg4 31. Bxf8 Kxf8 32. Ne4 f5 33. Nc3 Ke7 34. Nb5 d2 35. d6+ Ke6 36. d7 Kxd7 37. Na3+ Ke6 38. Nxc4 Rb4 39. Nxd2 f4 40. Nf3 h5 41. Re1+ Kf6 42. Bc6 Rb6 43. Rc1 Rb3 44. Bd5 Rb5 45. Rc6+ Ke7 46. Be4 Rb4 47. Bc2 Rb2 48. Ne5 Rb4 49. Ra6 Rb2 50. Bd3 Bc8 51. Ra4 Bb7 52. Ng6+ Kd6 53. Nxf4 h4 54. Bf5 Bc6 55. Ra6 Rb4 56. Nd3 Rd4 57. Nf2 Ra4 58. Rb6 Kc5 59. Rb2 Kd4 60. Bh3 Ke3 61. Nd1+ Kf4 62. Kf2 Rc4 63. Ne3 Ra4 64. Nf1 Bd5 65. Nd2 1-0

[Event "It (open)"]
[Site "?"]
[Date "2005.08.22"]
[Round "5"]
[White "Koneru Humpy"]
[Black "Antonio Rogelio Jr"]
[Result "1/2-1/2"]
[WhiteElo "2531"]
[BlackElo "2513"]
[PlyCount "52"]
[EventDate "2005.??.??"]
[Source "www.chesslib.no"]
[SourceDate "2004.05.04"]

1. d4 Nf6 2. c4 e6 3. Nf3 c5 4. d5 exd5 5. cxd5 d6 6. Nc3 g6 7. Nd2 Nbd7 8. e4 Qe7 9. Be2 Bg7 10. O-O O-O 11. f4 Ne8 12. Kh1 f5 13. Bf3 Nc7 14. Re1 Re8 15. Re2 Qf8 16. a4 Kh8 17. Nc4 Nb6 18. Nxb6 axb6 19. Qb3 b5 20. Nxb5 Nxb5 21. Qxb5 fxe4 22. Bd2 Bd7 23. Qxd7 exf3 24. Rxe8 fxg2+ 25. Kxg2 Qxe8 26. Qxe8+ Rxe8 1/2-1/2

[Event "Rilton Cup, Stockholm SWE"]
[Site "?"]
[Date "2000.??.??"]
[Round "4"]
[White "Yakovich, Y."]
[Black "Handke, F."]
[Result "1-0"]
[WhiteElo "2585"]
[BlackElo "2455"]
[PlyCount "61"]
[EventDate "2000.??.??"]
[Source "www.chesslib.no"]
[SourceDate "2004.05.04"]

1. d4 Nf6 2. c4 e6 3. Nf3 c5 4. d5 d6 5. Nc3 exd5 6. cxd5 g6 7. Bf4 Bg7 8. Qa4+ Bd7 9. Qb3 b5 10. Bxd6 Qb6 11. Be5 O-O 12. e3 c4 13. Qd1 Na6 14. a4 b4 15. Nb5 Rfc8 16. Nd6 Rc5 17. Nxc4 Qd8 18. Ncd2 Nc7 19. d6 Ncd5 20. Nb3 Nxe3 21. fxe3 Rd5 22. Nbd4 Qe8 23. Bb5 Bxb5 24. axb5 Rxe5 25. Nxe5 Qxe5 26. Qf3 Rd8 27. O-O Qxd6 28. Rxa7 h5 29. Ra6 Qe5 30. Rxf6 Bxf6 31. Nc6 1-0

[Event "FRG Ch International"]
[Site "Munich GER"]
[Date "1979.??.??"]
[Round "?"]
[White "Balashov, Yuri S"]
[Black "Lau, Ralf"]
[Result "1/2-1/2"]
[WhiteElo "2600"]
[BlackElo "2440"]
[PlyCount "82"]
[EventDate "1979.02.??"]
[Source "www.chesslib.no"]
[SourceDate "2004.05.04"]

1. d4 Nf6 2. Nf3 e6 3. c4 c5 4. d5 exd5 5. cxd5 d6 6. Nc3 g6 7. Bg5 Bg7 8. e3 h6 9. Bh4 a6 10. a4 g5 11. Bg3 Nh5 12. Bd3 Nxg3 13. hxg3 Nd7 14. Qc2 Qe7 15. O-O O-O 16. Rae1 Rb8 17. Nd2 b5 18. axb5 axb5 19. Nxb5 Ba6 20. Qa4 Rb6 21. Bc4 Bxb2 22. Rb1 Bg7 23. Na7 Bxc4 24. Nxc4 Rxb1 25. Rxb1 Qe4 26. Rc1 Ne5 27. Nb5 Qxd5 28. Nbxd6 Nxc4 29. Nxc4 Rd8 30. Qb5 Bf8 31. Re1 Qd3 32. Rc1 Ra8 33. Qb7 Rd8 34. Qf3 Bg7 35. Qc6 Bf8 36. Qc7 Rd5 37. Ne5 Qf5 38. Nc4 Qd3 39. Qc6 Rd8 40. Qf6 Bg7 41. Qb6 Bf8 1/2-1/2

[Event "Europa ch 2008"]
[Site "Plovdiv BUL"]
[Date "2008.04.23"]
[Round "3.80"]
[White "Khismatullin, Denis"]
[Black "Zherebukh, Yaroslav"]
[Result "1-0"]
[WhiteElo "2584"]
[BlackElo "2445"]
[PlyCount "59"]
[EventDate "2008.04.21"]
[Source "www.chesslib.no"]
[SourceDate "2004.05.04"]

1. d4 Nf6 2. c4 c5 3. d5 e6 4. Nc3 exd5 5. cxd5 d6 6. Nf3 g6 7. h3 Bg7 8. Bf4 O-O 9. e3 a6 10. a4 Nh5 11. Bh2 f5 12. Be2 f4 13. O-O Bh6 14. Nd2 fxe3 15. fxe3 Rxf1+ 16. Nxf1 Nf6 17. e4 Qe7 18. e5 dxe5 19. Bc4 Qe8 20. Ng3 Nbd7 21. Nge4 Be3+ 22. Kh1 Bd4 23. Qf3 Kg7 24. Rf1 Qf8 25. Qe2 Qe8 26. d6 Rb8 27. Nd5 Nxe4 28. Nc7 Qh8 29. Ne6+ Kh6 30. Qxe4 1-0

[Event "Benasque op"]
[Site "Benasque"]
[Date "2000.07.12"]
[Round "7"]
[White "Danailov, Silvio"]
[Black "Marin, Mihail"]
[Result "0-1"]
[WhiteElo "2470"]
[BlackElo "2557"]
[PlyCount "64"]
[EventDate "2000.07.06"]
[Source "ChessBase"]
[SourceDate "2000.10.18"]

1. d4 Nf6 2. Nf3 e6 3. c4 c5 4. d5 d6 5. Nc3 exd5 6. cxd5 g6 7. h3 a6 8. a4 Qe7 9. Bg5 Bg7 10. e3 h6 11. Bh4 O-O 12. Nd2 Nbd7 13. Be2 Ne5 14. O-O g5 15. Bg3 Bf5 16. a5 Rae8 17. Ra4 Nfd7 18. e4 Bg6 19. Re1 Qd8 20. Nf1 c4 21. Ne3 Nc5 22. Bxe5 Bxe5 23. Rxc4 Bxc3 24. Rxc3 Nxe4 25. Rb3 Re7 26. Nc4 Rfe8 27. Rb6 Qc7 28. Rf1 Qc5 29. b4 Qc7 30. Qd4 Nd2 31. Nxd6 Nxf1 32. Nxe8 Qh2+ 0-1

[Event "Berlin"]
[Site "?"]
[Date "1992.??.??"]
[Round "?"]
[White "Genov, Peter"]
[Black "Pigusov, E."]
[Result "0-1"]
[WhiteElo "2460"]
[BlackElo "2565"]
[PlyCount "106"]
[EventDate "1992.??.??"]
[Source "ChessBase"]
[SourceDate "1992.06.01"]

1. d4 Nf6 2. c4 c5 3. d5 e6 4. Nc3 exd5 5. cxd5 d6 6. Nf3 g6 7. h3 Bg7 8. Bf4 a6 9. a4 O-O 10. e3 Nh5 11. Bh2 f5 12. Qd2 Bh6 13. Bd3 f4 14. O-O Nd7 15. Rae1 Rb8 16. Qc2 Kg7 17. Ne4 Nb6 18. exf4 Nxf4 19. Qc3+ Kg8 20. Bxf4 Rxf4 21. a5 Na8 22. Neg5 Nc7 23. h4 Bg4 24. Bc4 Bxf3 25. Nxf3 Bg7 26. Qc1 Qf6 27. b3 Rf8 28. Re3 Bh6 29. Qc3 Qxc3 30. Rxc3 Re8 31. g3 Rf5 32. Kg2 Nb5 33. Rd3 Na3 34. Re1 Rxe1 35. Nxe1 Re5 36. Nf3 Re4 37. Rc3 Nb5 38. Rc2 Kg7 39. Kf1 Kf6 40. Re2 Rxe2 41. Kxe2 Bc1 42. g4 h6 43. Kd3 g5 44. h5 Bf4 45. Ne1 Nd4 46. b4 Be5 47. bxc5 dxc5 48. Ke4 Nb5 49. Kd3 Bc7 50. Nc2 Nd6 51. Ba2 Bxa5 52. Ke3 b5 53. f4 gxf4+ 0-1

[Event "XXIV ECC"]
[Site "Kallithea GRE"]
[Date "2008.10.17"]
[Round "1"]
[White "Buhr, CC."]
[Black "Malakhov, V."]
[Result "0-1"]
[WhiteElo "2346"]
[BlackElo "2675"]
[PlyCount "98"]
[EventDate "2008.10.17"]
[Source "www.chesslib.no"]
[SourceDate "2004.05.04"]

1. d4 Nf6 2. c4 e6 3. Nc3 c5 4. d5 exd5 5. cxd5 d6 6. Nf3 g6 7. Bf4 a6 8. a4 Bg7 9. h3 O-O 10. e3 Qe7 11. Be2 Nbd7 12. Nd2 Ne5 13. Bxe5 Qxe5 14. Nc4 Qe7 15. Nb6 Rb8 16. Nxc8 Rfxc8 17. O-O c4 18. a5 Ne4 19. Nxe4 Qxe4 20. Bf3 Qe7 21. Ra2 b5 22. axb6 Rxb6 23. Qe2 Qb7 24. Rc1 Rb4 25. Rc2 Qb5 26. Qd2 a5 27. Kh2 a4 28. Be2 Rb8 29. g3 Bxb2 30. Bxc4 Qb7 31. Bf1 a3 32. Rc6 Rb6 33. Qc2 Qa7 34. Rc7 Qa5 35. Bg2 Be5 36. Rc8+ Kg7 37. Rxb8 Rxb8 38. Qc4 Rb2 39. Be4 Qe1 40. Rxb2 axb2 41. f4 Qf2+ 42. Kh1 Bf6 43. Qc2 Qxg3 44. Qe2 Qxh3+ 45. Kg1 h5 46. Bd3 Qg3+ 47. Kf1 h4 48. Qf2 Qxf2+ 49. Kxf2 g5 0-1

[Event "Great Britain (ch)"]
[Site "?"]
[Date "1999.??.??"]
[Round "?"]
[White "Lalic, B."]
[Black "Ward, Ch"]
[Result "1/2-1/2"]
[WhiteElo "2550"]
[BlackElo "2470"]
[PlyCount "51"]
[EventDate "1999.??.??"]
[Source "Chess Informant"]
[SourceDate "1999.06.01"]

1. d4 Nf6 2. c4 e6 3. Nf3 c5 4. d5 d6 5. Nc3 exd5 6. cxd5 g6 7. h3 a6 8. a4 Qe7 9. Bg5 Nbd7 10. e3 Ne5 11. Nd2 h6 12. Bh4 Bf5 13. e4 g5 14. Bg3 Bg6 15. Be2 Bg7 16. O-O O-O 17. Re1 Nfd7 18. Nf1 f5 19. exf5 Bxf5 20. Nd2 Kh8 21. a5 Qd8 22. Nce4 Qc7 23. b4 cxb4 24. Qa4 Nc5 25. Rac1 Qd7 26. Qxd7 1/2-1/2

[Event "Ibercaja Open"]
[Site "Zaragoza"]
[Date "1994.??.??"]
[Round "6"]
[White "San Segundo Carrillo, Pablo"]
[Black "Spraggett, Kevin B"]
[Result "1-0"]
[WhiteElo "2470"]
[BlackElo "2550"]
[PlyCount "89"]
[EventDate "1994.04.??"]
[Source "www.chesslib.no"]
[SourceDate "2004.05.04"]

1. d4 Nf6 2. c4 e6 3. Nf3 c5 4. d5 d6 5. Nc3 exd5 6. cxd5 g6 7. h3 a6 8. a4 Qe7 9. Bg5 Bg7 10. e3 h6 11. Bh4 Nbd7 12. Be2 O-O 13. O-O Ne5 14. Nd2 g5 15. Bg3 Bf5 16. a5 Nfd7 17. Ra4 Bh7 18. e4 f5 19. exf5 Bxf5 20. Re1 Qd8 21. Nde4 b5 22. axb6 Qxb6 23. Qa1 a5 24. Kh1 Rfb8 25. Bb5 Nf8 26. f4 gxf4 27. Bxf4 Nfg6 28. Bh2 Rf8 29. Qd1 Rab8 30. Ng3 Qc7 31. Nxf5 Rxf5 32. Bd3 Rg5 33. Ne4 Nxd3 34. Qxd3 Ne5 35. Qb1 Rh5 36. Ng3 Rg5 37. h4 Rg4 38. Rxg4 Nxg4 39. Qg6 Ne5 40. Qe6+ Kh7 41. Nf5 Rd8 42. h5 Qd7 43. Nxg7 Qxg7 44. Rxe5 dxe5 45. Bxe5 1-0

[Event "IV Open"]
[Site "Dos Hermanas"]
[Date "2004.03.30"]
[Round "6"]
[White "Movsziszian, Karen"]
[Black "Suba, Mihai"]
[Result "1-0"]
[WhiteElo "2497"]
[BlackElo "2522"]
[PlyCount "93"]
[EventDate "2004.03.25"]
[Source "Roberto Alvarez"]
[SourceDate "2004.04.05"]

1. d4 Nf6 2. c4 e6 3. Nf3 c5 4. d5 d6 5. Nc3 exd5 6. cxd5 g6 7. h3 a6 8. a4 Qe7 9. Bf4 Nbd7 10. e3 Bg7 11. Be2 O-O 12. O-O Rb8 13. Re1 Kh8 14. e4 Ne8 15. Qd2 Qd8 16. Bf1 f6 17. Rab1 Ne5 18. Nxe5 fxe5 19. Be3 Qa5 20. b4 cxb4 21. Na2 Qxa4 22. Nxb4 Ra8 23. Bb6 Qd7 24. Nc2 Qe7 25. Qa5 Nf6 26. Bc7 b5 27. Nb4 Ne8 28. Bb6 Bb7 29. Nc6 Bxc6 30. dxc6 Nf6 31. Rbc1 Bh6 32. Rc2 Rfc8 33. g3 Qe8 34. c7 g5 35. Qd2 Qe7 36. Rc6 Bf8 37. Qxg5 Qe6 38. h4 Be7 39. Qe3 Rg8 40. Rec1 Rac8 41. Ba5 Ng4 42. Bh3 Bxh4 43. Qd3 Qh6 44. Qxd6 Qh5 45. Bxg4 Rxg4 46. Qe6 Rgg8 47. Bc3 1-0